| 000 | 00573nam a2200193 a 4500 | ||
|---|---|---|---|
| 001 | 558 | ||
| 003 | CDMR | ||
| 005 | 20131007171241.0 | ||
| 008 | 130130s1994||||||||||||||||||||||||cat|d | ||
| 020 | _a8460620050 | ||
| 040 |
_aCDMR _bcat _cCDMR |
||
| 100 | 1 |
_93554 _aBayarri, Jordi |
|
| 245 |
_aMalgrat i la seva premsa _b: 1915-1968 : cinquanta anys de vida malgratenca _cJordi Bayarri, Jordi Goñi |
||
| 260 |
_aMalgrat de Mar _bL'Ajuntament _c1994 |
||
| 300 |
_a273 p. _bil. b/n |
||
| 650 | 0 | 4 |
_93717 _aPremsa comarcal _zCatalunya |
| 700 | 1 |
_93555 _aGoñi, Jordi |
|
| 942 |
_cMON _2udc |
||
| 999 |
_c558 _d558 |
||